000 00639nam a2200241Ia 4500
005 20260430150504.0
008 008 250103s9999 xx 000 0 eng d
037 _aTheses
040 _aCRL
040 _beng
040 _ceng
041 _2eng
041 _aeng
084 _qCRL
100 _aLochab Amit Au.; Saxena Reena Gu.
_91237657
245 0 _aMWCNTs Based Nanocomposites as Electrochemical Sensor for Environmental Applications
260 _c2023
300 _a213p.
650 _aChemistry
700 _aUniversity of Delhi. Faculty of Science. Deptt.of Chemistry
942 _cTH
999 _c1849901
_d1849901